000 00670nam 22002173 4500
001 200389
021 _aPT
_b53230/92
090 _a200389
100 _a20260204d u||y0pory50 ba
200 _aGuia médico da mulher
_fMiriam Stoppard
_gtradução Paula Reis, Florbela Lopes, Christina Guedes
210 _aLisboa
_cAnagrama
_dimp. 1992
215 _a2 v. (383 p.)
_cil. ; encadernado
_d25 cm
225 _aEnciclopedia da mulher
606 _9927
_aMedicina
675 _a618(030)
_vPT
_zpor
675 _a616(030)
_vPT
_zpor
675 _a613.99(030)
_vPT
_zpor
700 _92839
_aStoppard
_bDrª Miriam
_f1937-
801 _aPT
_bBMMN
_gRPC
830 _cAna
_fAna
990 _cLIVROS